| 000 | 01171nmm a2200361 a 4500 | ||
|---|---|---|---|
| 001 | ocm0002015939 | ||
| 003 | TR-IsHL | ||
| 005 | 20201028181248.0 | ||
| 008 | 181230s2016 tu tur | ||
| 007 | cr cn | ||
| 020 | _a9786053273165 | ||
| 035 |
_a2015939 _b(N$T) |
||
| 050 | 0 | 4 |
_aHG221 _b.B36 2016 |
| 090 | 0 | 4 |
_aHG221 _b.B36 2016 |
| 245 | 1 | 0 |
_aBanka ve finansal sistem _h[electronic resource] / _ceditörler Hasan Ayaydın, Savaş Durmuş |
| 260 |
_aBursa : _bEkin Basım Yayın Dağıtım, _c2016 |
||
| 300 | _a439 p. | ||
| 500 | _aKaynakça var. | ||
| 650 | 4 | _aEkonomi ve Finans | |
| 650 | 4 | _aEconomics and Finance | |
| 650 | 0 |
_aPara politikası _x Türkiye |
|
| 650 | 0 |
_aMonetary policy _x Turkey |
|
| 650 | 0 |
_aMaliye _x Türkiye |
|
| 650 | 0 |
_aFinance _x Turkey |
|
| 650 | 0 | _aBankalar ve bankacılık | |
| 650 | 0 | _aBanks and banking | |
| 650 | 0 | _aUluslararası finans | |
| 650 | 0 | _aInternational finance | |
| 650 | 7 |
_aBUSINESS & ECONOMICS / Banks & Banking _2bisacsh |
|
| 700 | 1 | _aAyaydın, Hasan | |
| 700 | 1 | _aDurmuş, Savaş | |
| 856 | 4 | 0 | _uhttp://search.ebscohost.com/login.aspx?direct=true&scope=site&db=e011xww&AN=2015939 |
| 999 |
_c19518 _d19518 |
||